00748nam a2200241 a 450000100060000000300080000600500170001400800410003102000150007202000150008703500190010204000350012104100080015608200270016410000350019124500750022626000310030130000340033249000370036665000270040370000400043083000360047068028BD-RjUL20211209081725.0170330s1984 wb 000 0 eng d a038713008X a354013008X a(BD-RjUL)68237 aBD-RjULbengcBD-RjULdBD-RjUL aeng 223a530.1435bCHI 19841 aChaichian, M.q(Masud),d1941-10aIntroduction to gauge field theories /cM. Chaichian and N. F. Nelipa. aBerlin :bSpringer,cc1984 axii, 320 p. :bill. ;c24 cm.1 aTexts and monographs in physics. 0aGauge fields (Physics)1 aNelipa, N. F.q(Nikolai Fedorovich) 0aTexts and monographs in physics